Surveillance of seed borne pathogens and evaluation of health status of hyv seeds of rice grown in badc farms of bangladesh / (Record no. 17106)
[ view plain ]
| 000 -LEADER | |
|---|---|
| fixed length control field | 01119nam a22002657a 4500 |
| 001 - CONTROL NUMBER | |
| control field | BD-DhSAU 7469 |
| 003 - CONTROL NUMBER IDENTIFIER | |
| control field | BD-DhSAU |
| 005 - DATE AND TIME OF LATEST TRANSACTION | |
| control field | 20231005102419.0 |
| 008 - FIXED-LENGTH DATA ELEMENTS--GENERAL INFORMATION | |
| fixed length control field | 150422b2006 bg ||||| m||m 00| 0 eng d |
| 040 ## - CATALOGING SOURCE | |
| Original cataloging agency | BD-DhSAU |
| 082 ## - DEWEY DECIMAL CLASSIFICATION NUMBER | |
| Edition number | 22 |
| Classification number | 571.92 |
| Item number | M872 |
| 100 ## - MAIN ENTRY--PERSONAL NAME | |
| Personal name | Mowya, Jannatul |
| Relator term | Registration No. # 15-06628 |
| 245 ## - TITLE STATEMENT | |
| Title | Surveillance of seed borne pathogens and evaluation of health status of hyv seeds of rice grown in badc farms of bangladesh / |
| Remainder of title | MS thesis |
| 260 ## - PUBLICATION, DISTRIBUTION, ETC. (IMPRINT) | |
| Place of publication, distribution, etc. | Sher-e- Bangla Agricultural University: |
| Name of publisher, distributor, etc. | Department of Plant Pathology, |
| Date of publication, distribution, etc. | 2022. |
| 300 ## - PHYSICAL DESCRIPTION | |
| Extent | xii, 90p.: |
| Other physical details | 30 cm. |
| 500 ## - GENERAL NOTE | |
| General note | MS thesis of Department of Plant Pathology , Faculty of Agriculture, Sher-e-Bangla Agricultural University, Dhaka, Bangladesh |
| 590 ## - Name of Cataloguer | |
| Name of Cataloger | Namul |
| 650 ## - SUBJECT ADDED ENTRY--TOPICAL TERM | |
| Topical term or geographic name as entry element | seed borne pathogens |
| 651 ## - SUBJECT ADDED ENTRY--GEOGRAPHIC NAME | |
| Geographic name | health status of hyv seeds |
| 654 ## - SUBJECT ADDED ENTRY--FACETED TOPICAL TERM | |
| Focus term | rice grown in badc farms |
| 700 ## - ADDED ENTRY--PERSONAL NAME | |
| Personal name | Prof. Abu Noman Faruq Ahmmed |
| Relator term | Superviser |
| 700 ## - ADDED ENTRY--PERSONAL NAME | |
| Personal name | Prof. Dr. Khadija Akhter |
| Relator term | Co-Superviser |
| 856 ## - ELECTRONIC LOCATION AND ACCESS | |
| Uniform Resource Identifier | <a href="http://archive.saulibrary.edu.bd:8080/xmlui/handle/123456789/4974">http://archive.saulibrary.edu.bd:8080/xmlui/handle/123456789/4974</a> |
| 942 ## - ADDED ENTRY ELEMENTS (KOHA) | |
| Source of classification or shelving scheme | Dewey Decimal Classification |
| Koha item type | MS Level Thesis |
| Withdrawn status | Lost status | Source of classification or shelving scheme | Damaged status | Not for loan | Collection code | Home library | Branch Name | Date acquired | Total Checkouts | Full call number | Barcode | Date last seen | Price effective from | Koha item type |
|---|---|---|---|---|---|---|---|---|---|---|---|---|---|---|
| Dewey Decimal Classification | Not For Loan | Reference | SAU Library | SAU Library | 05/10/2023 | 571.92 M872 | 45028 | 05/10/2023 | 05/10/2023 | MS Level Thesis |
